Answers Contain the Number 9 - Statistics

General Stats
  • This quiz has been taken 3,823 times
  • The average score is 9 of 16
Answer Stats
Hint Answer % Correct
What a cat has Nine lives
100%
Approximate human gestation period Nine months
90%
To be extremely happy is to be on ... Cloud nine
88%
What Beethoven wrote Nine symphonies
75%
Length of a typical baseball game Nine innings
74%
Reign of Jane Grey Nine days
71%
What 50 Cent was struck by in the year 2000 Nine bullets
57%
What hell has (according to Dante) Nine circles
53%
Rock band whose only member was Trent Reznor until 2016 Nine Inch Nails
46%
Star Trek show from the 1990s Deep Space Nine
45%
In Norse mythology, they are connected by a tree named Yggdrasil Nine worlds
45%
What a "cat" on a Royal Navy ship had Nine tails
42%
Movie about space aliens in South Africa District 9
40%
Who Apollo was inspired by Nine muses
38%
Bizarre track on The Beatle's "White Album" Revolution 9
21%
Fictional material from a Vonnegut novel which causes the world to freeze over Ice-nine
14%
No matching quizzes found
Score Distribution
Percent of People with Each Score
Percentile by Number Answered
Your Score History
You have not taken this quiz